[Event "Sarmiento Erbe Memorial 2nd"]
[Site "Sarmiento"]
[Date "2017.10.27"]
[Round "1"]
[White "Cibin, Aurelio"]
[Black "Richard, Patrick Jorge"]
[Result "0-1"]
[WhiteElo "1669"]
[BlackElo "1941"]
[PlyCount "132"]
[EventDate "2017.10.27"]
[EventType "swiss"]
[EventRounds "7"]
[EventCountry "ARG"]
[SourceTitle "EXT 2019"]
[Source "ChessBase"]
[SourceDate "2018.10.10"]
[SourceVersion "1"]
[SourceVersionDate "2018.10.10"]
[SourceQuality "1"]

1. d4 Nf6 2. c4 g6 3. Nc3 d5 4. Bf4 c6 5. Qb3 dxc4 6. Qxc4 Be6 7. Qd3 Bg7 8. Nf3 Nbd7 9. Ng5 Nf8 10. g3 Bc8 11. Rd1 h6 12. Nf3 Ne6 13. Be5 0-0 14. Bg2 Qb6 15. Qc2 Nd5 16. Bxg7 Nxg7 17. e4 Nxc3 18. bxc3 Bg4 19. 0-0 Qa5 20. h3 Bxf3 21. Bxf3 e5 22. Be2 Rad8 23. Rd2 h5 24. Rfd1 Rd6 25. Qb3 h4 26. d5 hxg3 27. fxg3 Qc5+ 28. Kg2 Qe3 29. Bf3 b6 30. Rd3 Qg5 31. c4 c5 32. Qc2 f5 33. Qe2 f4 34. Qe1 Rfd8 35. h4 Qf6 36. g4 Ne6 37. Qf2 Nd4 38. Rh1 Kg7 39. g5 Qe7 40. Bg4 Rh8 41. Rdh3 Rdd8 42. Kf1 Rh7 43. R1h2 Qb7 44. Ra3 Rf8 45. Rhh3 Kh8 46. Rh2 b5 47. Qb2 f3 48. Kf2 b4 49. Ra4 Qf7 50. Qd2 Qe8 51. Ra5 Rf4 52. Kg3 Qf8 53. Qf2 Rxg4+ 54. Kxg4 Qf4+ 55. Kh3 Qxg5 56. Rxc5 Qe7 57. Rc8+ Kg7 58. Kg3 g5 59. h5 Qf7 60. h6+ Rxh6 61. Rxh6 Qf4+ 62. Kh3 g4+ 63. Kh4 Qxh6+ 64. Kxg4 Qg6+ 65. Kh3 Qh5+ 66. Kg3 Ne2+ 0-1